000
00326nam a22001337a 4500
008
181106b xxu||||| |||| 00| 0 eng d
020
_a
9780940780446
041
_a
eng
080
_2
4th
_a
615
100
_a
5
101
_a
FAR
245
_a
Clinical Psychopharmacology made ridiculously simple
_c
Preston,J
942
_2
udc
_c
BK
999
_c
51991
_d
51991